000 00332nam a22001337a 4500
008 180313b xxu||||| |||| 00| 0 eng d
020 _a9781933199023
041 _aeng
080 _23rd
_a339.138 JON
100 _a60
101 _aMAR
245 _aCreative strategy in direct& interactive marketing
_cJones,S.K
942 _2udc
_cBK
999 _c44892
_d44892